000 00310nam a22001217a 4500
999 _c65065
_d65062
082 _a297.13
_aPEN
100 _aJOHN PENRICE, B.A
_aJOHN PENRICE, B.A
245 _aDICTIONARY AND GLOSSARY OF THE KORAN
250 _a1st edition
260 _aKarachi
_bRoyal book company ltd
_c1986
300 _a166
942 _cBK